|
|
|
|
| LEADER |
01265nam a22003137a 4500 |
| 001 |
34678 |
| 003 |
BD-DhAAL |
| 005 |
20211111105815.0 |
| 008 |
190521r20182015ii a|||| |||| 001 0 eng d |
| 999 |
|
|
|c 40696
|d 40696
|
| 020 |
|
|
|a 9788126554782
|
| 040 |
|
|
|a BD-DhAAL
|
| 082 |
|
|
|a 005.74
|2 23
|
| 100 |
|
|
|a Acharya, Seema
|9 31714
|
| 245 |
|
|
|a Big Data and Analytics /
|c Seema Acharya and Subhashini Chellappan
|
| 250 |
|
|
|a First edition
|
| 260 |
|
|
|a India :
|b Wiley,
|c 2015 [Reprint 2018]
|
| 300 |
|
|
|a xxii, 334 pages :
|b illustrations ;
|c 23 cm.
|
| 501 |
|
|
|a Includes index.
|
| 526 |
|
|
|a CSE
|
| 541 |
|
|
|a HYE Trade International
|e 34678
|
| 650 |
|
|
|a Big data.
|9 31715
|
| 650 |
|
|
|a Database management.
|9 31716
|
| 650 |
|
|
|a Computer science
|9 42529
|
| 700 |
|
|
|a Chellappan, Subhashini
|9 31717
|
| 852 |
|
|
|a Ayesha Abed Library
|c General Stacks
|
| 942 |
|
|
|2 ddc
|c BK
|
| 952 |
|
|
|0 0
|1 0
|2 ddc
|4 0
|6 005_740000000000000_ACH
|7 0
|9 65478
|a BRACUL
|b BRACUL
|c GEN
|d 2019-05-09
|e Hye Trade International
|g 739.00
|l 4
|m 46
|o 005.74 ACH
|p 3010034678
|r 2025-09-21
|s 2025-06-29
|t 1
|v 739.00
|w 2019-05-09
|y BK
|
| 952 |
|
|
|0 0
|1 0
|2 ddc
|4 0
|6 005_740000000000000_ACH
|7 0
|9 65519
|a BRACUL
|b BRACUL
|c AV
|d 2019-05-09
|e Hye Trade International
|g 739.00
|l 0
|o 005.74 ACH
|p 4010034678
|r 2019-05-21
|t 1
|v 739.00
|w 2019-05-09
|y AV
|